School and Social Capital in Diverse Cultures (Record no. 211)

MARC details
000 -LEADER
fixed length control field 00554nam a22002057a 4500
003 - CONTROL NUMBER IDENTIFIER
control field OSt
005 - DATE AND TIME OF LATEST TRANSACTION
control field 20191125172119.0
008 - FIXED-LENGTH DATA ELEMENTS--GENERAL INFORMATION
fixed length control field 140715b xxu||||| |||| 00| 0 eng d
020 ## - INTERNATIONAL STANDARD BOOK NUMBER
International Standard Book Number 9780762308170
040 ## - CATALOGING SOURCE
Transcribing agency DDC
082 ## - DEWEY DECIMAL CLASSIFICATION NUMBER
Edition number 22nd ed.
Classification number 303.4 FUL 2003
Item number F
100 ## - MAIN ENTRY--PERSONAL NAME
Personal name Fuller, Bruce; Hannum, Emily
9 (RLIN) 546
245 ## - TITLE STATEMENT
Title School and Social Capital in Diverse Cultures
260 ## - PUBLICATION, DISTRIBUTION, ETC. (IMPRINT)
Place of publication, distribution, etc. -
Name of publisher, distributor, etc. Emerald Group
Date of publication, distribution, etc. 2003
300 ## - PHYSICAL DESCRIPTION
Extent 186p;
Other physical details ill:
Dimensions 24cm
504 ## - BIBLIOGRAPHY, ETC. NOTE
Bibliography, etc Index included
650 ## - SUBJECT ADDED ENTRY--TOPICAL TERM
Topical term or geographic name as entry element Cultures
9 (RLIN) 547
650 ## - SUBJECT ADDED ENTRY--TOPICAL TERM
Topical term or geographic name as entry element Schooling life
9 (RLIN) 13080
942 ## - ADDED ENTRY ELEMENTS (KOHA)
Source of classification or shelving scheme Other/Generic Classification Scheme
Koha item type Book Bank
Holdings
Withdrawn status Lost status Source of classification or shelving scheme Damaged status Not for loan Home library Current library Date acquired Source of acquisition Inventory number Total Checkouts Full call number Barcode Date last seen Koha item type
    Dewey Decimal Classification     MUST Main Library MUST Main Library 15/07/2014 Purchase 12/36679   303.4 FUL 2003 F 2014-0778 15/07/2014 Open Shelf
    Dewey Decimal Classification     MUST Main Library MUST Main Library 15/07/2014 Purchase 12/36678   303.4 FUL 2003 F 2014-0779 15/07/2014 Open Shelf
    Dewey Decimal Classification     MUST Main Library MUST Main Library 15/07/2014 Purchase 12/36677   303.4 FUL 2003 F 2014-0780 15/07/2014 Open Shelf
    Dewey Decimal Classification     MUST Main Library MUST Main Library 15/07/2014 Purchase 12/36676   303.4 FUL 2003 F 2014-0781 15/07/2014 Open Shelf
    Dewey Decimal Classification     MUST Main Library MUST Main Library 15/07/2014 Purchase 12/36675   303.4 FUL 2003 F 2014-0782 15/07/2014 Open Shelf
    Dewey Decimal Classification     MUST Main Library MUST Main Library 15/07/2014 Purchase 12/36674   303.4 FUL 2003 F 2014-0783 15/07/2014 Open Shelf